مهارات التدريس : (رقم التسجيلة. 100486)

تفاصيل مارك
000 -الفاتح
عناصر البيانات ثابتة الطول 00791cam a2200217 i 4500
005 - تاريخ ووقت آخر معاملة
حقل ضبط 20260203094323.0
008 - عناصر البيانات ثابتة الطول
عناصر البيانات ثابتة الطول 250721s2004 ua gr 000 0 ara d
020 ## - الترقيم الدولي المعياري للكتب (ردمك)
الترقيم الدولي المعياري للكتب (ردمك) 9772322285
082 14 - رقم تصنيف ديوي العشري
رقم التصنيف 371.3
رقم المادة ز ي ت
100 1# - مدخل رئيسي – اسم شخصي
الاسم الشخصي زيتون، حسن حسين
علاقة الشخص بالعمل/ دوره مؤلف.
245 10 - بيان العنوان
العنوان مهارات التدريس :
بيان المسؤولية الدكتور حسن حسين زيتون.
بقية العنوان رؤية في تنفيد التدريس /
250 ## - بيان الطبعة
بيان الطبعة الطبعة الثانية.
264 31 - بيانات النشر، التوزيع…إلخ
مكان النشر، التوزيع...إلخ القاهرة :
اسم الناشر، الموزع...إلخ عالم الكتب،
تاريخ النشر، التوزيع...إلخ 2004.
300 ## - الوصف المادي
عدد الوحدات المكونة للوعاء 581 صفحة.
490 0# - بيان السلسلة
عنوان السلسلة سلسلة اصول التدريس ؛
رقم الوعاء في السلسلة رقم 3.
650 17 - مدخل إضافي بالموضوع - مصطلح موضوعي
مصطلح موضوعي أو اسم جغرافي كعنصر مدخل مهارات التدريس.
650 17 - مدخل إضافي بالموضوع - مصطلح موضوعي
مصطلح موضوعي أو اسم جغرافي كعنصر مدخل التدريس.
830 #0 - مدخل إضافي بالسلسلة-عنوان مقنن
عنوان السلسسلة سلسلة اصول التدريس.
942 ## - بيانات إضافية (كوها)
نوع التنصيف Dewey Decimal Classification
نوع المادة (كوها) كتب
المقتنيات
حالة السحب حالة الفقدان مصدر التصنيف حالة التلف غير قابل للإعارة المكتبة الرئيسية المكتبة الحالية موقع الرف تاريخ التزويد الرقم المتسلسل Total Checkouts رقم الإستدعاء الباركود تاريخ آخر ظهور تاريخ الفاتورة نوع المادة (كوها)
    Dewey Decimal Classification     المكتبة المركزية المكتبة المركزية الإعارة 28/07/2025 869156   371.3/زيت 869156 28/07/2025 28/07/2025 كتب
    Dewey Decimal Classification     المكتبة المركزية المكتبة المركزية الإعارة 07/09/2016 1627505   371.3 / ز ي ت PLD00395300 28/07/2025 07/09/2016 كتب
Implemented & Customized by: BBB with SCIT (Smart Chains for Information Technology)

Powered by Koha